BIBLIOTECA “JULIO CORTÁZAR”
ESCUELA AGROTÉCNICA “LIBERTADOR GENERAL SAN MARTÍN” - UNR – CASILDA

Logo Escuela Logo UNR

Contabilidad 3 / (Record no. 709)

MARC details
000 -LEADER
campo de control de longitud fija 01050nam#a22003735a#4500
001 - NÚMERO DE CONTROL
campo de control 709
008 - DATOS DE LONGITUD FIJA--INFORMACIÓN GENERAL
campo de control de longitud fija 080619s1983####ag#####d#f####001#0#spa#d
020 ## - NÚMERO INTERNACIONAL ESTÁNDAR DEL LIBRO
Número Internacional Estándar del Libro 9501324680
080 ## - NÚMERO DE LA CLASIFICACIÓN DECIMAL UNIVERSAL
Número de la Clasificación Decimal Universal 657.32
084 ## - OTRO NÚMERO DE CLASIFICACIÓN
Número de clasificación D97
040 ## - FUENTE DE CATALOGACIÓN
Centro catalogador/agencia de origen AR-ClEAG
Centro/agencia transcriptor AR-ClEAG
005 - FECHA Y HORA DE LA ÚLTIMA TRANSACCIÓN
campo de control 20241107184644.0
003 - IDENTIFICADOR DE NÚMERO DE CONTROL
campo de control AR-ClEAG
100 1# - ENTRADA PRINCIPAL--NOMBRE DE PERSONA
Nombre de persona Fernández Durán, Elsa del Carmen Soria de.
245 10 - MENCIÓN DEL TÍTULO
Título Contabilidad 3 /
Mención de responsabilidad, etc. Elsa del Carmen Soria de Fernández Durán.
250 ## - MENCION DE EDICION
Mención de edición 2ª ed.
260 ## - PUBLICACIÓN, DISTRIBUCIÓN, ETC.
Lugar de publicación, distribución, etc. Buenos Aires :
Nombre del editor, distribuidor, etc. Kapelusz,
Fecha de publicación, distribución, etc. 1983.
300 ## - DESCRIPCIÓN FÍSICA
Extensión 228 p. :
Otras características físicas gráf. ;
Dimensiones 21 cm.
653 ## - TÉRMINO DE INDIZACIÓN--NO CONTROLADO
Término no controlado Sistema contable
653 ## - TÉRMINO DE INDIZACIÓN--NO CONTROLADO
Término no controlado Técnica del procesamiento de datos
653 ## - TÉRMINO DE INDIZACIÓN--NO CONTROLADO
Término no controlado Pasivos corrientes
653 ## - TÉRMINO DE INDIZACIÓN--NO CONTROLADO
Término no controlado Pasivos no corrientes
653 ## - TÉRMINO DE INDIZACIÓN--NO CONTROLADO
Término no controlado Duedas
653 ## - TÉRMINO DE INDIZACIÓN--NO CONTROLADO
Término no controlado Pasivos con garantías
653 ## - TÉRMINO DE INDIZACIÓN--NO CONTROLADO
Término no controlado Deudas en moneda extranjera
653 ## - TÉRMINO DE INDIZACIÓN--NO CONTROLADO
Término no controlado Créditos
653 ## - TÉRMINO DE INDIZACIÓN--NO CONTROLADO
Término no controlado Pagaré
653 ## - TÉRMINO DE INDIZACIÓN--NO CONTROLADO
Término no controlado Bienes de cambio
653 ## - TÉRMINO DE INDIZACIÓN--NO CONTROLADO
Término no controlado Títulos de crédito
653 ## - TÉRMINO DE INDIZACIÓN--NO CONTROLADO
Término no controlado Inventario físico de mercaderías
653 ## - TÉRMINO DE INDIZACIÓN--NO CONTROLADO
Término no controlado Estados contables
653 ## - TÉRMINO DE INDIZACIÓN--NO CONTROLADO
Término no controlado Patrimonio neto
942 ## - ELEMENTOS DE ENTRADA SECUNDARIOS (KOHA)
Tipo de ítem Koha Libros
980 ## - EQUIVALENCIA O REFERENCIA-CRUZADA-MENCIÓN DE SERIE--NOMBRE DE PERSONA/TÍTULO [LOCAL, CANADÁ]
Enlace 2
Nombre de persona Evangelina Gallicchio
Enlace entre campo y número de secuencia 2
Información miscelánea Evangelina Gallicchio
Holdings
Estatus retirado Estado de pérdida Fuente del sistema de clasificación o colocación Estado de daño No para préstamo Biblioteca de origen Biblioteca actual Ubicación en estantería Fecha de adquisición Número de inventario Total de préstamos Signatura topográfica completa Código de barras Visto por última vez Precio de reemplazo Tipo de ítem Koha
    Clasificación decimal universal     Julio Cortázar Julio Cortázar   07/11/2024 3444   R07 657.32 D97 1 Ej.1 3444 07/11/2024 07/11/2024 Libros

Contacto

Biblioteca Julio Cortázar. Escuela Agrotécnica "Libertador San Martín". Universidad Nacional de Rosario
Dirección: Ov. Lagos 1000 - 2170 Casilda - Santa Fe - Argentina
Tel: (54) (03464) 422226.
Fax: (54) (03464) 427789.
E-Mail: biblio-eac@unr.edu.ar